000 00541nmm a2200193Ia 4500
008 251105s9999||||xx |||||||||||||||||und||
020 _a9788446046035
041 _aspa
100 _aBekoff, Mark
245 0 _aUna agenda para la cuestión animal
264 _a[Madrid, España] :
_bAkal,
_c2018
300 _a276 páginas
490 _aPensamiento crítico
650 _aSocial Sciences (General)
700 _aBekoff, Mark
700 1 _a Pierce, Jessica
856 _uhttps://public.digitaliapublishing.com/a/55157
942 _cCF
999 _c62655
_d62655